000 00371nam a2200145Ia 4500
008 230917s9999||||xx |||||||||||||| ||und||
040 _e143963
_aMAIN
041 _aEnglish
082 _a370.15 T738S
100 _aTripathi, Madhusudan
245 0 _aShikshan adhigam ki manovaigyanik paddhati
260 _aNew Delhi
_bOmega
_c2007
300 _a294p. p.
942 _cBK
999 _c146127
_d146127